000 00454nam a22001811a 4500
001 18349
003 OSt
005 20260204212401.0
008 170902s1996||||-us||||||b||||||||||eng||
020 _a0673401758
082 _a420 SCO431d
110 _aScottforesman Science
245 _aDiscover the wonder:ModuleE,Electricity/Scottforesman Science
264 _aIllinois:Scott, foresman
300 _a48 p
650 _aInglésÌ
942 _2ddc
_cBK
999 _c18349
_d18349